000 00686nam a2200229 a 4500
001 BRL_752
005 20190320210859.0
008 011013s1928----gw-a######---#000-0#ger-#
041 _ager
044 _agw
050 4 _aDB85
_b.T73 1928
100 1 _aTschuppik, Karl
_924836
245 1 0 _aFranz Joseph I.
_bder untergang eines reiches
_cvon Karl Tschuppik.
260 _aHellerau
_bAvalun
_c[1928]
300 _a668 p.
_bil.
_c23 cm.
500 _aej.1 Au827, ej.2 Au826
500 _aLa biblioteca cuenta con dos ejemplares.
600 1 4 _aFranz Joseph I, emperador de Austria
_d1830-1916
_915750
651 4 _aAustria
_xHistoria
_y1848-1916
_924837
902 _aGRL
942 _2lcc
_cB
999 _c9564
_d9564